[Event "Campeonato de España por Equip"]
[Site "Granada, Hotel Corona de Grana"]
[Date "2010.08.05"]
[Round "2"]
[White "CAMACHO COLLADOS, Jose"]
[Black "BIEDMA MARTIN, Enrique"]
[Result "1/2-1/2"]
[WhiteElo "2394"]
[BlackElo "2265"]
[PlyCount "59"]
[EventDate "2010.08.04"]
[EventType "team"]
[EventRounds "6"]
[EventCountry "ESP"]
[WhiteTeam "C.A. Motril"]
[BlackTeam "C.A. La Merced de Huelva"]

1. g3 d5 2. Bg2 Nf6 3. c4 c6 4. d4 g6 5. cxd5 cxd5 6. Nc3 Nc6 7. Nf3 Bg7 8. Ne5
O-O 9. Bf4 Bf5 10. O-O Rc8 11. Nxc6 Rxc6 12. Qb3 Rb6 13. Qa3 Ne4 14. Nxe4 Bxe4
15. Bxe4 dxe4 16. Rfd1 Ra6 17. Qe3 Qd5 18. Rac1 Rc6 19. Rxc6 bxc6 20. Rd2 Rd8
21. Qa3 Rd7 22. Qa6 h6 23. Rc2 g5 24. Bc1 Bxd4 25. e3 Bxe3 26. Bxe3 Qd1+ 27.
Kg2 Qf3+ 28. Kh3 Qf5+ 29. Kg2 Qf3+ 30. Kh3 1/2-1/2

[Event "Campeonato de España por Equip"]
[Site "Granada, Hotel Corona de Grana"]
[Date "2010.08.05"]
[Round "2"]
[White "ROMERO SANCHEZ, Jesus"]
[Black "GARCIA RODRIGUEZ, Victor"]
[Result "0-1"]
[WhiteElo "2160"]
[BlackElo "2224"]
[PlyCount "72"]
[EventDate "2010.08.04"]
[EventType "team"]
[EventRounds "6"]
[EventCountry "ESP"]
[WhiteTeam "C.A. La Merced de Huelva"]
[BlackTeam "C.A. Motril"]

1. Nf3 d5 2. d4 Nf6 3. c4 c6 4. e3 Bg4 5. Qb3 Qc7 6. Ne5 e6 7. Nxg4 Nxg4 8. h3
Nf6 9. Nc3 Nbd7 10. Bd3 Rd8 11. Bd2 Be7 12. Rc1 Qb8 13. a4 O-O 14. a5 dxc4 15.
Bxc4 e5 16. Rd1 exd4 17. exd4 Bd6 18. O-O Qc7 19. Rfe1 h6 20. Re3 Bf4 21. Re7
Bxd2 22. Rxd2 Qf4 23. Bxf7+ Kh8 24. Rde2 Qxd4 25. Qxb7 Qc5 26. Qc7 Qg5 27. a6
Rc8 28. Qxa7 Ra8 29. Qb7 Nc5 30. Qxc6 Rxa6 31. Qc7 Nd3 32. Ne4 Nxe4 33. R2xe4
Ra1+ 34. Kh2 Nxf2 35. Re1 Ng4+ 36. Kg1 Ne3 0-1

[Event "Campeonato de España por Equip"]
[Site "Granada, Hotel Corona de Grana"]
[Date "2010.08.05"]
[Round "2"]
[White "CUENCA JIMENEZ, Francisco Javie"]
[Black "GOMEZ REBOLLO, Alfonso Carlos"]
[Result "1-0"]
[WhiteElo "2193"]
[BlackElo "2164"]
[PlyCount "67"]
[EventDate "2010.08.04"]
[EventType "team"]
[EventRounds "6"]
[EventCountry "ESP"]
[WhiteTeam "C.A. Motril"]
[BlackTeam "C.A. La Merced de Huelva"]

1. c4 f5 2. g3 Nf6 3. Bg2 g6 4. Nc3 Bg7 5. d3 d6 6. Bg5 c6 7. Qd2 h6 8. Bxf6
Bxf6 9. e4 Na6 10. Nge2 e5 11. O-O Qb6 12. Kh1 Be6 13. f4 O-O-O 14. b3 Rdg8 15.
Bh3 h5 16. fxe5 dxe5 17. exf5 Bd7 18. Ne4 Be7 19. Rf3 g5 20. g4 hxg4 21. Bxg4
Rh4 22. h3 c5 23. Kg2 Qh6 24. Rh1 Rh8 25. N2g3 Nb4 26. Rff1 Nc6 27. f6 Bxg4 28.
hxg4 Rh2+ 29. Kf3 Bxf6 30. Rxh2 Qxh2 31. Qxh2 Nd4+ 32. Kg2 Nc6 33. Kf3 Rxh2 34.
Nxf6 1-0

[Event "Campeonato de España por Equip"]
[Site "Granada, Hotel Corona de Grana"]
[Date "2010.08.05"]
[Round "2"]
[White "VALLEJO DIAZ, Javier"]
[Black "IBANEZ AULLANA, Jose Ramon"]
[Result "1-0"]
[WhiteElo "2339"]
[BlackElo "2275"]
[PlyCount "107"]
[EventDate "2010.08.04"]
[EventType "team"]
[EventRounds "6"]
[EventCountry "ESP"]
[WhiteTeam "C.A. Amigos del Retiro"]
[BlackTeam "C.A. Alzicapital B"]

1. e4 g6 2. Nc3 Bg7 3. f4 d6 4. Nf3 Nf6 5. d4 O-O 6. Bd3 c5 7. dxc5 d5 8. e5
Ng4 9. Be2 Qa5 10. Nd4 Qxc5 11. h3 Nc6 12. Ncb5 Nxd4 13. Qxd4 Nh6 14. g4 Qxd4
15. Nxd4 f5 16. g5 Nf7 17. Be3 Nd8 18. O-O-O Bd7 19. Rd2 Rc8 20. Kb1 a6 21. Bf3
e6 22. Nb3 Re8 23. Rhd1 Bf8 24. a3 Ba4 25. Na5 Bc5 26. Bxc5 Rxc5 27. Nb3 Bxb3
28. cxb3 Nf7 29. Be2 Rec8 30. b4 R5c7 31. Ka2 Rc2 32. Kb3 Rxd2 33. Rxd2 Kf8 34.
b5 a5 35. b6 Rc6 36. Ka4 Rxb6 37. Bb5 Nd6 38. exd6 Rxd6 39. Kxa5 Ke7 40. Kb4
Rd8 41. Rc2 Kd6 42. Kc3 h6 43. gxh6 Rh8 44. Rg2 Rxh6 45. Rg3 Rh4 46. Rf3 e5 47.
fxe5+ Kxe5 48. Bd3 Rh7 49. Re3+ Kf4 50. Kd4 g5 51. Re5 Rf7 52. Rxd5 g4 53.
Rxf5+ Rxf5 54. Bxf5 1-0

[Event "Campeonato de España por Equip"]
[Site "Granada, Hotel Corona de Grana"]
[Date "2010.08.05"]
[Round "2"]
[White "FERNANDEZ GIL, Marco Antonio"]
[Black "PEREZ GONZALEZ, Jose Manuel"]
[Result "1-0"]
[WhiteElo "2247"]
[BlackElo "2324"]
[PlyCount "83"]
[EventDate "2010.08.04"]
[EventType "team"]
[EventRounds "6"]
[EventCountry "ESP"]
[WhiteTeam "C.A. Alzicapital B"]
[BlackTeam "C.A. Amigos del Retiro"]

1. e4 d6 2. d4 Nf6 3. Nc3 g6 4. Bg5 Bg7 5. e5 dxe5 6. dxe5 Ng4 7. Qxd8+ Kxd8 8.
Rd1+ Bd7 9. e6 fxe6 10. Be2 Ne5 11. Nf3 Nbc6 12. O-O Nf7 13. Ne4 b6 14. Rfe1
Ke8 15. c3 Nd6 16. Bd3 Kf7 17. Bf4 h6 18. b4 Rad8 19. b5 Na5 20. Ne5+ Bxe5 21.
Bxe5 Rhf8 22. a4 Bc8 23. h4 Bb7 24. Ng3 Bd5 25. h5 gxh5 26. Nxh5 Bb3 27. Rb1
Rd7 28. Nf4 Nf5 29. Be2 Ng7 30. c4 Rg8 31. Rbc1 Bxa4 32. Rc3 Rd2 33. Ra1 Bb3
34. Rxa5 bxa5 35. Rxb3 Ra2 36. c5 a4 37. Rb1 Rc2 38. c6 a3 39. Bxc7 a2 40. Ra1
Kf6 41. Bd1 Rb2 42. Be5+ 1-0

[Event "Campeonato de España por Equip"]
[Site "Granada, Hotel Corona de Grana"]
[Date "2010.08.05"]
[Round "2"]
[White "FERNANDEZ GARCIA, Miguel Angel"]
[Black "SANCHEZ BOTELLA, Luis Javier"]
[Result "1-0"]
[WhiteElo "2293"]
[BlackElo "2212"]
[PlyCount "149"]
[EventDate "2010.08.04"]
[EventType "team"]
[EventRounds "6"]
[EventCountry "ESP"]
[WhiteTeam "C.A. Amigos del Retiro"]
[BlackTeam "C.A. Alzicapital B"]

1. d4 Nf6 2. c4 e6 3. Nf3 Bb4+ 4. Nbd2 b6 5. g3 Bb7 6. Bg2 O-O 7. O-O d6 8. Nb1
d5 9. c5 bxc5 10. a3 Ba5 11. dxc5 c6 12. b4 Bc7 13. Bb2 Nbd7 14. Nbd2 a5 15.
Qc2 e5 16. e4 Ba6 17. Rfb1 d4 18. Bf1 Bxf1 19. Kxf1 Qe7 20. Qc4 Rfb8 21. Bc1
Rb5 22. Ne1 h5 23. h3 Nf8 24. Nd3 a4 25. Ne1 Ne6 26. Qe2 Rab8 27. Nc4 g6 28.
Nd3 Nd7 29. Rb2 Kg7 30. Rc2 h4 31. g4 Nf4 32. Bxf4 exf4 33. f3 Ne5 34. Ndxe5
Bxe5 35. Qd3 Rd8 36. Rd1 f6 37. Rcd2 Ra8 38. Qc2 Ra6 39. Rd3 Rb8 40. Rc1 Rb5
41. Na5 Qa7 42. Rcd1 Qa8 43. Nc4 Qd8 44. Nb2 Qa8 45. Qf2 Rb8 46. Qc2 Qb7 47.
R3d2 Qb5+ 48. Nd3 Ra7 49. Kg2 Re8 50. Nc1 Rd7 51. Rd3 Red8 52. Ne2 Kh6 53. Qc1
g5 54. Kf2 Kg6 55. Qc2 Qa6 56. Rc1 Qb5 57. Qc4 Qxc4 58. Rxc4 Kf7 59. Nc1 Ke7
60. Ke2 Rb8 61. Kd2 Ke6 62. Kc2 Ke7 63. Rd2 d3+ 64. Rxd3 Rbd8 65. Rxd7+ Kxd7
66. Nd3 Kc7 67. Nxe5 fxe5 68. Rc3 Rd4 69. Rd3 Rc4+ 70. Kd2 Kb7 71. Rd7+ Kb8 72.
Rg7 Rd4+ 73. Ke2 Rxb4 74. axb4 a3 75. Rd7 1-0

[Event "Campeonato de España por Equip"]
[Site "Granada, Hotel Corona de Grana"]
[Date "2010.08.05"]
[Round "2"]
[White "SANCHEZ SAEZ, Francisco"]
[Black "PAREDES SANCHEZ, Juan"]
[Result "1-0"]
[WhiteElo "2195"]
[BlackElo "2208"]
[PlyCount "65"]
[EventDate "2010.08.04"]
[EventType "team"]
[EventRounds "6"]
[EventCountry "ESP"]
[WhiteTeam "C.A. Alzicapital B"]
[BlackTeam "C.A. Amigos del Retiro"]

1. e4 c5 2. Nf3 d6 3. d4 cxd4 4. Nxd4 Nf6 5. Nc3 a6 6. Be3 e6 7. g4 b5 8. g5
Nfd7 9. f4 Bb7 10. Bd3 Nc5 11. Qf3 Nbd7 12. O-O Be7 13. b4 Nxd3 14. cxd3 O-O
15. Qh5 g6 16. Qh6 Re8 17. f5 exf5 18. exf5 Bf8 19. Qh3 Ne5 20. Ne4 Bxe4 21.
dxe4 Rc8 22. Ne2 Rc2 23. Ng3 Bg7 24. f6 Bf8 25. Bd4 Rd2 26. Bc3 Rd3 27. Bxe5
Rxe5 28. Rac1 Rxg5 29. Qc8 Qb6+ 30. Kh1 Re5 31. Nf5 Rh3 32. Ne7+ Rxe7 33. fxe7
1-0

[Event "Campeonato de España por Equip"]
[Site "Granada, Hotel Corona de Grana"]
[Date "2010.08.05"]
[Round "2"]
[White "SCAVO, Fernando"]
[Black "ESPINOSA ARANDA, Angel"]
[Result "1/2-1/2"]
[WhiteElo "2265"]
[BlackElo "2397"]
[PlyCount "37"]
[EventDate "2010.08.04"]
[EventType "team"]
[EventRounds "6"]
[EventCountry "ESP"]
[WhiteTeam "C.D. Cruz Roja Linares"]
[BlackTeam "C.D.E. Almagro"]

1. d4 d5 2. Nf3 Nf6 3. Bf4 e6 4. e3 c5 5. c3 Nc6 6. Nbd2 Bd6 7. Bg3 O-O 8. Bd3
Qe7 9. Ne5 Nd7 10. Nxd7 Bxd7 11. Bxd6 Qxd6 12. dxc5 Qxc5 13. Bxh7+ Kxh7 14.
Qh5+ Kg8 15. Ne4 Qb5 16. Ng5 Rfd8 17. Qxf7+ Kh8 18. Qh5+ Kg8 19. Qf7+ 1/2-1/2

[Event "Campeonato de España por Equip"]
[Site "Granada, Hotel Corona de Grana"]
[Date "2010.08.05"]
[Round "2"]
[White "FERNANDEZ BARRERA, Victor"]
[Black "RUIZ SANCHEZ, Miguel Angel"]
[Result "1/2-1/2"]
[WhiteElo "2326"]
[BlackElo "2225"]
[PlyCount "74"]
[EventDate "2010.08.04"]
[EventType "team"]
[EventRounds "6"]
[EventCountry "ESP"]
[WhiteTeam "C.D.E. Almagro"]
[BlackTeam "C.D. Cruz Roja Linares"]

1. e4 e6 2. d4 d5 3. Nc3 Bb4 4. e5 c5 5. a3 Bxc3+ 6. bxc3 Qa5 7. Bd2 Qa4 8. Qb1
c4 9. Nh3 Nc6 10. Nf4 Nge7 11. Nh5 Rg8 12. g3 Bd7 13. Bh3 O-O-O 14. O-O Rdf8
15. Re1 Kc7 16. Bg5 Nc8 17. Qb2 Nb6 18. Bg2 Qa5 19. a4 Rb8 20. Qa3 Nc8 21. h4
a6 22. Qb2 Nb6 23. Bf4 Rbe8 24. Qa3 Nc8 25. Reb1 N6a7 26. g4 Bc6 27. Qb2 Nb6
28. Qa3 Nac8 29. Rb4 Nd7 30. Qb2 Ndb6 31. Qa3 Nd7 32. Qc1 Ndb6 33. Qa3 Nd7 34.
Qb2 Ndb6 35. Qa3 Kb8 36. Kh1 Kc7 37. Kg1 Nd7 1/2-1/2

[Event "Campeonato de España por Equip"]
[Site "Granada, Hotel Corona de Grana"]
[Date "2010.08.05"]
[Round "2"]
[White "TORRES MORENO, Juan"]
[Black "JIMENEZ MARTINEZ, Jose Vicente"]
[Result "1-0"]
[WhiteElo "2141"]
[BlackElo "2241"]
[PlyCount "90"]
[EventDate "2010.08.04"]
[EventType "team"]
[EventRounds "6"]
[EventCountry "ESP"]
[WhiteTeam "C.D. Cruz Roja Linares"]
[BlackTeam "C.D.E. Almagro"]

1. d4 g6 2. Nf3 Bg7 3. e4 d6 4. Bc4 Nf6 5. e5 dxe5 6. Nxe5 O-O 7. O-O Nbd7 8.
f4 Nb6 9. Bb3 c6 10. c3 Qd6 11. Nd2 Nbd5 12. Ndf3 Bg4 13. Qe1 c5 14. Ng5 cxd4
15. cxd4 Bf5 16. Qh4 h6 17. Ngf3 Be4 18. f5 Bxf3 19. Rxf3 Nh5 20. Bd2 Ndf4 21.
Qf2 g5 22. g4 Qxd4 23. Nxf7 Qxf2+ 24. Kxf2 Rxf7 25. Bxf7+ Kxf7 26. gxh5 Nxh5
27. Bc3 Rc8 28. Re1 Bf6 29. Bxf6 Nxf6 30. Rc3 Rxc3 31. bxc3 Nd5 32. c4 Nf4 33.
Rd1 Ke8 34. Kf3 e6 35. Ke4 Ke7 36. fxe6 Nxe6 37. Kf5 Nf4 38. c5 Ng2 39. Rb1 Kd7
40. Rxb7+ Kc6 41. Rxa7 Kxc5 42. Kg6 Ne3 43. Kxh6 Ng4+ 44. Kxg5 Nxh2 45. Rf7 Kd5
1-0

[Event "Campeonato de España por Equip"]
[Site "Granada, Hotel Corona de Grana"]
[Date "2010.08.05"]
[Round "2"]
[White "BOLADO SAEZ, Sergio"]
[Black "IBARRA JEREZ, Juan Miguel"]
[Result "1/2-1/2"]
[WhiteElo "2308"]
[BlackElo "2257"]
[PlyCount "116"]
[EventDate "2010.08.04"]
[EventType "team"]
[EventRounds "6"]
[EventCountry "ESP"]
[WhiteTeam "C.A. 64 Villalba"]
[BlackTeam "C.A. Totana"]

1. d4 Nf6 2. Nf3 g6 3. c4 Bg7 4. Nc3 O-O 5. g3 d6 6. Bg2 c5 7. d5 Bf5 8. Nd2
Qc8 9. h3 h5 10. e4 Bd7 11. f3 Na6 12. g4 Nc7 13. a4 Na6 14. Nf1 Nb4 15. Ng3 h4
16. Nge2 Nh7 17. O-O a6 18. a5 b5 19. axb6 Rb8 20. Be3 Rxb6 21. Bf2 g5 22. f4
Bf6 23. Be3 e5 24. fxg5 Bxg5 25. Bxg5 Nxg5 26. Qd2 Qd8 27. Rf2 Nh7 28. Kh1 Qg5
29. Qd1 Qe3 30. Rf3 Qh6 31. Ng1 Ng5 32. Qd2 Kg7 33. Rf2 f6 34. Raf1 Rbb8 35.
Nd1 Rf7 36. Qc3 Kf8 37. Qa3 Ke7 38. Ne3 Qh7 39. Nf5+ Bxf5 40. Rxf5 Qg6 41. Nf3
Nxf3 42. R1xf3 Nc2 43. Qxa6 Rxb2 44. g5 Nd4 45. Rxf6 Rb1+ 46. Bf1 Rxf1+ 47.
Rxf1 Qxe4+ 48. Kh2 Qe2+ 49. R1f2 Qxf2+ 50. Rxf2 Rxf2+ 51. Kg1 Rd2 52. Qb7+ Kf8
53. Qc8+ Kf7 54. Qd7+ Kg6 55. Qxd6+ Kf5 56. Kf1 Rd1+ 57. Kf2 Rd2+ 58. Kf1 Rd1+
1/2-1/2

[Event "Campeonato de España por Equip"]
[Site "Granada, Hotel Corona de Grana"]
[Date "2010.08.05"]
[Round "2"]
[White "JIMENEZ VILLENA, Fco Jose"]
[Black "RENTERIA, Jorge"]
[Result "1-0"]
[WhiteElo "2230"]
[BlackElo "2263"]
[PlyCount "62"]
[EventDate "2010.08.04"]
[EventType "team"]
[EventRounds "6"]
[EventCountry "ESP"]
[WhiteTeam "C.A. Totana"]
[BlackTeam "C.A. 64 Villalba"]

1. Nf3 Nf6 2. c4 g6 3. Nc3 Bg7 4. e4 d6 5. d4 O-O 6. Be2 c5 7. O-O cxd4 8. Nxd4
Nc6 9. Be3 Nxd4 10. Bxd4 Be6 11. Qd2 Qa5 12. Rfd1 Rfc8 13. b3 a6 14. Qb2 Ne8
15. b4 Qg5 16. Nd5 Bxd5 17. exd5 Bxd4 18. Qxd4 Nf6 19. a4 a5 20. c5 axb4 21.
cxd6 Nd7 22. h4 Qf6 23. Qxf6 exf6 24. Bb5 Nc5 25. Rdc1 b6 26. a5 bxa5 27. d7
Nxd7 28. Rxc8+ Rxc8 29. Bxd7 Rc5 30. Bc6 Kf8 31. Re1 Kg7 {Ilegible} 1-0

[Event "Campeonato de España por Equip"]
[Site "Granada, Hotel Corona de Grana"]
[Date "2010.08.05"]
[Round "2"]
[White "RODRIGUEZ YUSTE, Marcelo"]
[Black "TUDELA CORBALAN, Carlos"]
[Result "1-0"]
[WhiteElo "2228"]
[BlackElo "2209"]
[PlyCount "101"]
[EventDate "2010.08.04"]
[EventType "team"]
[EventRounds "6"]
[EventCountry "ESP"]
[WhiteTeam "C.A. 64 Villalba"]
[BlackTeam "C.A. Totana"]

1. d4 e6 2. e3 f5 3. f4 Nf6 4. Nf3 Be7 5. Bd3 O-O 6. O-O b6 7. Qe2 Bb7 8. c4 c5
9. Nc3 Ne4 10. Bd2 Bf6 11. dxc5 bxc5 12. Rad1 Qe7 13. Be1 d5 14. cxd5 exd5 15.
Bb5 a6 16. Ba4 Nxc3 17. Bxc3 Nd7 18. Bxd7 Qxd7 19. Bxf6 Rxf6 20. Qc2 Rc8 21.
Ne5 Qe6 22. Qb3 Rc7 23. Rf2 h6 24. h4 g6 25. Rc2 Rf8 26. Rdc1 Rfc8 27. Qa3 Qb6
28. Qd3 Qf6 29. Nf3 Kh7 30. Qc3 Kg7 31. Nd4 Re7 32. Nf3 Rec7 33. Qe5 Kf7 34.
Kf2 Qe6 35. h5 gxh5 36. Qxe6+ Kxe6 37. Rh1 Rg7 38. Rxh5 Rcg8 39. Rxh6+ Kd7 40.
Ng5 c4 41. Rf6 Rxg5 42. fxg5 Rxg5 43. Rf7+ Kc6 44. b3 Ba8 45. bxc4 dxc4 46. Rf8
Bb7 47. Rxc4+ Kb5 48. Rc7 Rxg2+ 49. Kf1 Be4 50. Rb8+ Ka5 51. Rc5+ 1-0

[Event "Campeonato de España por Equip"]
[Site "Granada, Hotel Corona de Grana"]
[Date "2010.08.05"]
[Round "2"]
[White "PEREZ MERLOS, Ramon"]
[Black "DE LOS SANTOS HONRUBIA, Maria"]
[Result "1/2-1/2"]
[WhiteElo "2125"]
[BlackElo "2012"]
[PlyCount "150"]
[EventDate "2010.08.04"]
[EventType "team"]
[EventRounds "6"]
[EventCountry "ESP"]
[WhiteTeam "C.A. Totana"]
[BlackTeam "C.A. 64 Villalba"]

1. d4 Nf6 2. c4 g6 3. Nc3 d5 4. cxd5 Nxd5 5. e4 Nxc3 6. bxc3 Bg7 7. Bc4 O-O 8.
Be3 c5 9. Ne2 Qa5 10. O-O cxd4 11. cxd4 Nc6 12. Rb1 e6 13. Qc2 Qd8 14. Rfd1 Qe7
15. f3 Rd8 16. g3 Na5 17. Bd3 b6 18. Kf2 Bb7 19. Qa4 Bc6 20. Qb4 Qxb4 21. Rxb4
Rac8 22. Ba6 Bb7 23. Bxb7 Nxb7 24. Rc1 Rxc1 25. Bxc1 Rc8 26. Ke3 Na5 27. Kd3
Kf8 28. Bd2 Ke7 29. Ra4 Nc6 30. Rc4 Kd7 31. f4 b5 32. Rc1 Bf8 33. Rb1 a6 34. g4
Bd6 35. h4 Be7 36. g5 Bd8 37. h5 Na5 38. Bb4 Nc4 39. Bc5 Bb6 40. Bxb6 Nxb6 41.
Nc3 Rc4 42. hxg6 hxg6 43. a3 Na4 44. Ne2 Kd6 45. Rb3 Nb6 46. Nc3 Kc6 47. Nb1
Na4 48. Nd2 Rc1 49. Nf3 Kd6 50. Kd2 Rc7 51. Ne5 Nb6 52. Kd3 Nc4 53. Nf3 Nb6 54.
Rb4 Na4 55. Rb3 Nb6 56. Ne5 Nc4 57. Ng4 Nb6 58. Nf6 Ke7 59. Rc3 Nc4 60. d5 Rc8
61. Kd4 exd5 62. Nxd5+ Kd6 63. a4 Kd7 64. axb5 axb5 65. Rb3 Rb8 66. Kc5 Nd2 67.
Rb4 Nc4 68. Nf6+ Ke6 69. Rxb5 Rxb5+ 70. Kxb5 Ne3 71. Kc5 Ng2 72. Nd5 Ne1 73.
Kc6 Nd3 74. Kb5 Nf2 75. Nc3 Nd3 1/2-1/2

[Event "Campeonato de España por Equip"]
[Site "Granada, Hotel Corona de Grana"]
[Date "2010.08.05"]
[Round "3"]
[White "TRUJILLO ALVARADO, Ivan"]
[Black "CAMACHO COLLADOS, Marcos"]
[Result "0-1"]
[WhiteElo "2196"]
[BlackElo "2292"]
[PlyCount "78"]
[EventDate "2010.08.04"]
[EventType "team"]
[EventRounds "6"]
[EventCountry "ESP"]
[WhiteTeam "Real Club Victoria"]
[BlackTeam "C.A. Motril"]

1. c4 e5 2. Nc3 d6 3. g3 g6 4. Bg2 Bg7 5. e3 Nf6 6. Nge2 O-O 7. O-O Re8 8. d3
c6 9. Rb1 a6 10. b4 d5 11. cxd5 cxd5 12. d4 e4 13. Nf4 g5 14. Nh5 Nxh5 15. Qxh5
Bf5 16. Rb3 Bg6 17. Qe2 Nc6 18. f3 Rc8 19. fxe4 Nxd4 20. exd4 Bxd4+ 21. Kh1
Bxc3 22. Qg4 h5 23. Qxg5 Qxg5 24. Bxg5 dxe4 25. Bh3 f5 26. Be3 Bf7 27. Bxf5
Bxb3 28. Bxc8 Rxc8 29. axb3 Bxb4 30. Rf4 Rc3 31. Rxe4 Rxb3 32. Kg2 a5 33. Bd4
a4 34. Kh3 a3 35. Kh4 Bc3 36. Kxh5 Bxd4 37. Rxd4 Rb5+ 38. Kg6 Rb6+ 39. Kf5 a2
0-1

[Event "Campeonato de España por Equip"]
[Site "Granada, Hotel Corona de Grana"]
[Date "2010.08.05"]
[Round "3"]
[White "RODRIGUEZ PEREZ, David"]
[Black "CUENCA JIMENEZ, Francisco Javie"]
[Result "1/2-1/2"]
[WhiteElo "2039"]
[BlackElo "2193"]
[PlyCount "69"]
[EventDate "2010.08.04"]
[EventType "team"]
[EventRounds "6"]
[EventCountry "ESP"]
[WhiteTeam "Real Club Victoria"]
[BlackTeam "C.A. Motril"]

1. e4 b6 2. d4 Bb7 3. Nc3 g6 4. h4 h5 5. Be3 Bg7 6. Qd2 e6 7. O-O-O d5 8. exd5
exd5 9. Nh3 Ne7 10. Nf4 Nd7 11. Be2 Nf6 12. Nd3 Ng4 13. Bf4 a6 14. Bxg4 hxg4
15. Ne5 Nf5 16. Qe2 Qe7 17. Nxg4 Qxe2 18. Nxe2 O-O-O 19. Ne5 Rdf8 20. g3 c5 21.
c3 a5 22. Rhe1 Bxe5 23. Bxe5 f6 24. Bf4 Re8 25. Kd2 Ba6 26. dxc5 bxc5 27. Nc1
a4 28. Rxe8+ Rxe8 29. Re1 Rxe1 30. Kxe1 Kd7 31. Kd2 Kc6 32. Ne2 Bc4 33. a3 d4
34. cxd4 cxd4 35. g4 1/2-1/2

[Event "Campeonato de España por Equip"]
[Site "Granada, Hotel Corona de Grana"]
[Date "2010.08.05"]
[Round "3"]
[White "CABRERA, Alexis"]
[Black "SCAVO, Fernando"]
[Result "1-0"]
[WhiteElo "2533"]
[BlackElo "2265"]
[PlyCount "71"]
[EventDate "2010.08.04"]
[EventType "team"]
[EventRounds "6"]
[EventCountry "ESP"]
[WhiteTeam "C.A. Mislata"]
[BlackTeam "C.D. Cruz Roja Linares"]

1. d4 e6 2. c4 f5 3. Nf3 Nf6 4. g3 Be7 5. Bg2 O-O 6. O-O c6 7. Nbd2 d5 8. Ne5
Nbd7 9. Nd3 Ne4 10. Qc2 Nxd2 11. Bxd2 Nf6 12. a4 a5 13. b4 axb4 14. Rfb1 Ne4
15. Bxb4 Nd6 16. Ne5 Re8 17. e3 Bf6 18. Bf1 Nf7 19. Nd3 Ng5 20. Bg2 Ne4 21. Ra3
Nd6 22. Bxd6 Qxd6 23. c5 Qc7 24. f4 Re7 25. Rb6 g5 26. Qc3 h5 27. a5 h4 28. Nb4
hxg3 29. hxg3 gxf4 30. exf4 Rh7 31. a6 Qg7 32. Nc2 bxa6 33. Rxc6 Qg4 34. Qe1
Qg7 35. Rxc8+ Rxc8 36. Qxe6+ 1-0

[Event "Campeonato de España por Equip"]
[Site "Granada, Hotel Corona de Grana"]
[Date "2010.08.05"]
[Round "3"]
[White "VASSALLO BARROCHE, Mauricio"]
[Black "TORRES MORENO, Juan"]
[Result "1-0"]
[WhiteElo "2432"]
[BlackElo "2141"]
[PlyCount "58"]
[EventDate "2010.08.04"]
[EventType "team"]
[EventRounds "6"]
[EventCountry "ESP"]
[WhiteTeam "C.A. Mislata"]
[BlackTeam "C.D. Cruz Roja Linares"]

1. c4 Nf6 2. Nc3 g6 3. g3 Bg7 4. Bg2 O-O 5. Nf3 Nc6 6. d4 d5 7. cxd5 Nxd5 8. e4
Nb6 9. d5 Na5 10. O-O c6 11. Bf4 cxd5 12. exd5 Nac4 13. Qe2 Bg4 14. h3 Bxf3 15.
Bxf3 Rc8 16. Rac1 Nxb2 17. Qxb2 Rxc3 18. Rxc3 Na4 19. Qxb7 Nxc3 20. Re1 Bf6 21.
Be5 e6 22. Bc7 Qd7 23. d6 Qa4 24. Qc6 Qxa2 25. d7 Qd2 26. Rf1 Qd3 27. Kg2 a6
28. Rc1 Nb5 29. Rd1 Qb3 1-0

[Event "Campeonato de España por Equip"]
[Site "Granada, Hotel Corona de Grana"]
[Date "2010.08.05"]
[Round "3"]
[White "RIOS DEL MORAL, Neftali"]
[Black "SANCHEZ ROMERO, Miquel Angel"]
[Result "1/2-1/2"]
[WhiteElo "2159"]
[BlackElo "2212"]
[PlyCount "85"]
[EventDate "2010.08.04"]
[EventType "team"]
[EventRounds "6"]
[EventCountry "ESP"]
[WhiteTeam "C.D. Cruz Roja Linares"]
[BlackTeam "C.A. Mislata"]

1. d4 Nf6 2. Bf4 d5 3. e3 g6 4. Be2 Bg7 5. h3 O-O 6. Nf3 c5 7. c3 Qb6 8. Qb3 c4
9. Qxb6 axb6 10. Nbd2 b5 11. a3 Nc6 12. O-O h6 13. Rfe1 g5 14. Bh2 Bf5 15. g4
Bg6 16. Ne5 Nxe5 17. Bxe5 Nd7 18. Bxg7 Kxg7 19. Bf3 Nb6 20. e4 e6 21. Nf1 dxe4
22. Bxe4 Bxe4 23. Rxe4 Nd5 24. Ng3 b4 25. cxb4 Nxb4 26. Rc1 Nd3 27. Rxc4 Nxb2
28. Rc2 Nd3 29. Nh5+ Kg6 30. Rc3 Nb2 31. Rb3 Nc4 32. Rxb7 Ra6 33. Re2 Rd8 34.
Rc7 Rxd4 35. Rc8 Kh7 36. Rc7 Kg6 37. Rc2 Nd6 38. R7c3 Ne4 39. Rf3 Rda4 40. Rc8
Ra8 41. Rc7 Nd6 42. Rf6+ Kh7 43. Rxe6 1/2-1/2

[Event "Campeonato de España por Equip"]
[Site "Granada, Hotel Corona de Grana"]
[Date "2010.08.05"]
[Round "3"]
[White "JIMENEZ VILLENA, Fco Jose"]
[Black "VALLEJO DIAZ, Javier"]
[Result "0-1"]
[WhiteElo "2230"]
[BlackElo "2339"]
[PlyCount "56"]
[EventDate "2010.08.04"]
[EventType "team"]
[EventRounds "6"]
[EventCountry "ESP"]
[WhiteTeam "C.A. Totana"]
[BlackTeam "C.A. Amigos del Retiro"]

1. Nf3 d5 2. c4 c6 3. d4 Nf6 4. Qc2 g6 5. Bf4 Bg7 6. e3 Bf5 7. Qb3 Qb6 8. c5
Qxb3 9. axb3 O-O 10. Nc3 Nbd7 11. h3 Rfe8 12. b4 a6 13. Be2 Be4 14. O-O Bxf3
15. Bxf3 e5 16. Bh2 h5 17. Rfd1 Nh7 18. Be2 exd4 19. exd4 Ng5 20. Rd3 Ne6 21.
Rad1 a5 22. b5 a4 23. bxc6 bxc6 24. Bf1 a3 25. bxa3 Rxa3 26. Ne2 Ra4 27. Bf4
Ndxc5 28. Rc3 Nxf4 0-1

[Event "Campeonato de España por Equip"]
[Site "Granada, Hotel Corona de Grana"]
[Date "2010.08.05"]
[Round "3"]
[White "PEREZ GONZALEZ, Jose Manuel"]
[Black "TUDELA CORBALAN, Carlos"]
[Result "1-0"]
[WhiteElo "2324"]
[BlackElo "2209"]
[PlyCount "41"]
[EventDate "2010.08.04"]
[EventType "team"]
[EventRounds "6"]
[EventCountry "ESP"]
[WhiteTeam "C.A. Amigos del Retiro"]
[BlackTeam "C.A. Totana"]

1. e4 c5 2. Nf3 d6 3. d4 cxd4 4. Nxd4 Nf6 5. Nc3 a6 6. Bc4 e6 7. O-O Qc7 8. Bb3
Be7 9. f4 Nc6 10. Be3 O-O 11. Qf3 Na5 12. g4 Nxb3 13. axb3 Bd7 14. g5 Ne8 15.
f5 Qd8 16. Qg2 Kh8 17. Rf3 Rg8 18. Rh3 h6 19. g6 fxg6 20. fxe6 Bc6 21. Bxh6 1-0

[Event "Campeonato de España por Equip"]
[Site "Granada, Hotel Corona de Grana"]
[Date "2010.08.05"]
[Round "3"]
[White "PEREZ MERLOS, Ramon"]
[Black "SANCHEZ GONZALEZ, Sergio"]
[Result "0-1"]
[WhiteElo "2125"]
[BlackElo "2311"]
[PlyCount "76"]
[EventDate "2010.08.04"]
[EventType "team"]
[EventRounds "6"]
[EventCountry "ESP"]
[WhiteTeam "C.A. Totana"]
[BlackTeam "C.A. Amigos del Retiro"]

1. d4 Nf6 2. c4 e6 3. g3 c5 4. Nf3 d5 5. cxd5 exd5 6. Bg2 Nc6 7. O-O cxd4 8.
Nxd4 Bc5 9. e3 O-O 10. Nc3 Bg4 11. Nxc6 bxc6 12. Qa4 Rc8 13. b4 Bb6 14. Bb2 Qd7
15. Rfe1 d4 16. Nd1 d3 17. f3 Be6 18. Bxf6 gxf6 19. Nf2 d2 20. Re2 Bc4 21. Ne4
Qe7 22. Rxd2 Bxe3+ 23. Kh1 Bxd2 24. Nxd2 Bd5 25. Rc1 Rfe8 26. Ne4 f5 27. Nc3
Qe3 28. Qd1 Rcd8 29. Qf1 Bc4 30. Qg1 Qxg1+ 31. Kxg1 Rd2 32. a4 Bd5 33. b5 cxb5
34. Nxd5 Rxd5 35. f4 Rd2 36. axb5 Red8 37. Bf3 R8d3 38. Bh5 Rb3 0-1